Missing Word: Restaurant Chains Quiz Stats

 Plays Quiz Updated Mar 5, 2016

Challenge
Share
Tweet
Embed
Score 0/20 Timer 02:00
2 Plays Today
Restaurant Chain Missing Word % Correct
___ BellTaco
96.7%
___ LobsterRed
95.3%
Jack in the ___Box
94.9%
Olive ___Garden
94.7%
___ KingBurger
93.9%
Long John ___Silver's
90.8%
Waffle ___House
90%
___-fil-AChick
89.6%
___ John's PizzaPapa
89.5%
Outback ___Steakhouse
89.3%
Restaurant Chain Missing Word % Correct
IN-N-___ BurgerOUT
88.4%
___ CaesarsLittle
88.2%
Five ___ Burgers and FriesGuys
78.7%
Chipotle ___ GrillMexican
67.7%
Steak 'n ___Shake
64.8%
Carl's ___Jr.
49%
Jimmy John's Gourmet ___Sandwiches
46.2%
Tim ___Hortons
37.5%
___ Louisiana KitchenPopeyes
35.9%
Nathan's ___Famous
18.8%

Today's Daily Dose

Missing Word
US Newspapers

Word Ladder
Shawn Mendes

On This Day
October 18th II

You're not logged in!

Compare scores with friends on all Sporcle quizzes.
Join for Free
OR
Log In

You Might Also Like...

Show Comments

Extras

Top Quizzes Today


Score Distribution

Your Account Isn't Verified!

In order to create a playlist on Sporcle, you need to verify the email address you used during registration. Go to your Sporcle Settings to finish the process.

Report this User

Report this user for behavior that violates our Community Guidelines.

Details: